[Event "EU-chT (Men) 12th"]
[Site "Batumi"]
[Date "1999.12.04"]
[Round "6.2"]
[White "Georgiev, Kiril"]
[Black "Huebner, Robert"]
[Result "1-0"]
[WhiteElo "2650"]
[BlackElo "2599"]
[Annotator "Huzman,A"]
[PlyCount "65"]
[EventDate "1999.11.06"]
[EventType "team-swiss"]
[EventRounds "9"]
[EventCountry "GEO"]
[SourceTitle "CBM 074"]
[Source "ChessBase"]
[SourceDate "2000.02.01"]
[SourceVersion "1"]
[SourceVersionDate "2000.02.01"]
[SourceQuality "1"]
[WhiteTeam "Bulgaria"]
[BlackTeam "Germany"]
[WhiteTeamCountry "BUL"]
[BlackTeamCountry "GER"]

1. d4 d5 2. c4 dxc4 3. e3 e5 4. Bxc4 exd4 5. exd4 Nf6 6. Nf3 Be7 7. O-O O-O 8.
Nc3 Nbd7 9. Re1 Nb6 10. Bb3 c6 11. Ne5 Nbd5 12. Bg5 Be6 13. Rc1 Re8 14. h3 Rc8
(14... Nd7 15. Bxe7 Rxe7 16. Ne4 f6 17. Nd3 Nf8 18. Qf3 Qc7 19. Ng3 Rd8 20. Nc5
Bf7 21. Rxe7 Qxe7 22. Nf5 Qc7 23. Qg3 $1 $16 {1-0 Sokolov,I-Huebner,R/Wijk aan
Zee 1996/CBM 51/ (29)}) 15. Rc2 (15. Qf3 Nc7 $11) 15... Nd7 16. Bxe7 Rxe7 17.
Nxd5 Bxd5 18. Bxd5 cxd5 19. Rce2 Nxe5 20. dxe5 h6 21. Qd3 (21. Rd2 $5 Rd7 (
21... Qb6 22. b3 Rd7 23. Rxd5 $140 Rxd5 24. Qxd5 Rc2 $132) 22. e6 fxe6 23. Rxe6
Rc6 24. Re5 d4 25. Rde2 $36) 21... Qa5 22. a3 Qc5 23. Rd2 Rd8 24. g3 f6 (24...
d4 $5) 25. b4 Qb6 (25... Qc8 $1 26. Rde2 fxe5 27. Rxe5 Rxe5 28. Rxe5 Qxh3 29.
Rxd5 Re8 30. Rd8 Qe6 $11) 26. Rde2 fxe5 (26... Re6 27. exf6 Rxe2 28. Qxe2 Qxf6
29. Qe7 $36) 27. Rxe5 Rxe5 28. Rxe5 d4 $4 {[%mdl 8192]} (28... Qd6 29. Qd4 a6
$14) 29. Qc4+ Kh8 (29... Kh7 30. Re6 $1 Rd6 31. Re8 $40 d3 (31... Rc6 32. Qg8+
Kg6 33. Re7 Rc1+ 34. Kh2 Qf6 35. Re6 $18) 32. Qg8+ Kg6 33. Re7 Qd4 34. Qf7+ Kg5
(34... Kh7 35. Qf5+ Rg6 36. Re6 $18) 35. Re5+ $1 Qxe5 36. f4+ $18) 30. Re6 $1
Rd6 31. Re8+ Kh7 32. Qg8+ Kg6 33. Re7 1-0

[Event "Pamplona"]
[Site "Pamplona"]
[Date "2002.12.22"]
[Round "2"]
[White "Bologan, Viktor"]
[Black "Kasimdzhanov, Rustam"]
[Result "1-0"]
[WhiteElo "2627"]
[BlackElo "2653"]
[Annotator "Huzman,A"]
[PlyCount "81"]
[EventDate "2002.12.21"]
[EventType "tourn"]
[EventRounds "6"]
[EventCountry "ESP"]
[EventCategory "16"]
[SourceTitle "CBM 093"]
[Source "ChessBase"]
[SourceDate "2003.04.01"]
[SourceVersion "1"]
[SourceVersionDate "2003.04.01"]
[SourceQuality "1"]

1. e4 e5 2. Nf3 Nf6 3. Nxe5 d6 4. Nf3 Nxe4 5. d4 d5 6. Bd3 Nc6 7. O-O Be7 8. c4
Nf6 9. h3 Nb4 10. Be2 dxc4 11. Bxc4 O-O 12. Nc3 Nbd5 13. Re1 c6 14. Qb3 Nb6 15.
Bd3 Be6 16. Qc2 h6 17. a3 Nbd5 $6 (17... c5 18. dxc5 Bxc5 19. Nb5 Nbd7 20. b4
Bb6 21. Bb2 $36) (17... Rc8 $5 {[%cal Yc6c5]}) 18. Na4 $1 {[%cal Ga4c5]} Nd7
19. Bd2 Re8 20. Rad1 Bf6 21. Ne5 $36 Qc7 22. f4 {[%csl Re6][%cal Gf4f5]} Nf8 (
22... Bh4 23. f5 Bxe1 24. Rxe1 $16) 23. Nc5 Rad8 24. Bc1 {[%cal Gc2f2]} Bc8 (
24... Bh4 $5 25. Rf1 Bc8) 25. Qf2 Ne6 26. Ne4 $16 Be7 27. Bc4 $1 Nf8 28. f5 $1
Nh7 29. Bf4 $1 Qb6 {[%tqu "En","All White pieces are ready for attack.Find how
they start storm of the position of Black king.","","","f4h6","",10]} 30. Bxh6
$1 {[%mdl 196]} gxh6 31. Qg3+ Ng5 (31... Kf8 32. Nxf7 Kxf7 33. Qg6+ Kf8 34.
Qxh6+ (34. Qxh7 Bf6 35. Nxf6 Rxe1+ 36. Kh2 (36. Kf2 Qxb2+ 37. Kxe1 Qxg2 38.
Qxh6+ Kf7 39. Nxd5 cxd5 40. Qh5+ Kf6 41. Bd3 Rg8 $132) 36... Qc7+ (36... Re3
37. Qxh6+ Kf7 38. Qg6+ Ke7 39. Qg5 $1 $18) 37. Qxc7 Nxc7 38. Rxe1 Bxf5 $16)
34... Kg8 35. f6 Bxf6 36. Nxf6+ Nhxf6 37. Qxf6 Re6 $1 38. Qg5+ $1 (38. Rxe6
Nxf6 39. Rxc6+ Nd5 40. Rxb6 axb6) 38... Kf8 39. Rxe6 Bxe6 40. Rf1+ Bf7 (40...
Ke8 41. Qg7 $18) 41. Qh6+ $1 Kg8 (41... Ke8 42. Qh8+ Ke7 43. Qg7 Rf8 44. Re1+
$18) 42. Kh1 {[%cal Gf1f5,Gf5g5]} Qxd4 43. Qg5+ $18) (31... Bg5 32. h4 Bxf5 33.
hxg5 Bxe4 34. gxh6+ Bg6 35. Nxg6 Rxe1+ 36. Qxe1 fxg6 37. Qe7 $18) 32. h4 f6 33.
hxg5 hxg5 34. Ng6 $18 Kf7 (34... Kg7 35. Nxg5 fxg5 (35... Bd6 36. Ne5 $1 $18)
36. Nxe7 $18) (34... Bxf5 35. Nxe7+ Rxe7 36. Nxf6+ $18) 35. Qh3 $1 (35. Qh2 Kg7
36. Ng3 Bc5 $1 37. Nh5+ Kf7 $132) (35. Qg4 $5 {[%cal Gg4h5]} Kg7 36. Nxg5 $18)
35... Kg7 36. Bxd5 $1 cxd5 (36... Bxf5 $142 37. Qxf5 Rxd5 38. Nxe7 $1 Rxf5 39.
Nxf5+ Kg6 40. Neg3 $1 Re5 $1 (40... Rxe1+ 41. Rxe1 Qxb2 42. Re7 $18) 41. Rf1
$16) 37. Nf2 $1 {[%cal Gf2g4]} Bd6 38. Rxe8 Rxe8 39. Ng4 Bxf5 40. Qh6+ Kf7 (
40... Kg8 41. Qh8+ Kf7 42. Qxf6+ Kg8 43. Qxf5 $18) 41. Nh8+ (41. Nh8+ Rxh8 42.
Qxf6+ Ke8 (42... Kg8 43. Qxg5+ Kf8 44. Qxf5+ $18) 43. Qxh8+ $18) 1-0

[Event "Groningen Harmonie"]
[Site "Groningen"]
[Date "2002.12.22"]
[Round "2"]
[White "Stellwagen, Daniel"]
[Black "Ernst, Sipke"]
[Result "1-0"]
[WhiteElo "2426"]
[BlackElo "2497"]
[Annotator "Huzman,A"]
[PlyCount "80"]
[EventDate "2002.12.21"]
[EventType "tourn"]
[EventRounds "9"]
[EventCountry "NED"]
[EventCategory "10"]
[SourceTitle "CBM 093"]
[Source "ChessBase"]
[SourceDate "2003.04.01"]
[SourceVersion "1"]
[SourceVersionDate "2003.04.01"]
[SourceQuality "1"]

1. e4 e5 2. Nf3 Nf6 3. Nxe5 d6 4. Nf3 Nxe4 5. d4 d5 6. Bd3 Bd6 7. O-O O-O 8. c4
c6 9. Nc3 Nxc3 10. bxc3 Bg4 11. c5 Bc7 (11... Be7 12. Bf4 (12. Qc2 Bxf3 13.
Bxh7+ Kh8 14. gxf3 g6 15. Bxg6 Rg8 16. Kh1 Rxg6 $19 {1-0 Perez Gomar,I-Riverol,
J/Montevideo 2000/CBM 75 ext (34)}) 12... b6 (12... Nd7 13. Re1 Re8 14. Re3 f5
15. h3 Bxf3 16. Qxf3 Rf8 17. Rae1 $16 {1-0 Costa,A-Goncalves,C/Lisbon 2001/EXT
2002 (24)}) 13. cxb6 axb6 14. Re1 Nd7 15. a4 Re8 16. Bc2 g6 17. h3 Bxf3 18.
Qxf3 Bf8 $11 {1/2-1/2 Doery,J-Degenhardt,H/Frankfurt 1988/EXT 97 (23)}) 12. Re1
(12. Rb1 b6 13. h3 Bh5 14. Re1 Nd7 15. cxb6 axb6 $15 {0-1 Di Lazzaro,G-Kohler,
P/St Jean 2002/EXT 2003 (49)}) (12. Bc2 Nd7 (12... Bh5 13. Qd3 (13. Re1 Nd7 14.
Ba3 (14. Qd3 Bg6 15. Qe2 Re8 16. Be3 Nf6 17. Bxg6 hxg6 $15 {0-1 Bezzy,
M-Delanoy,A/Forli 1992/TD (44)}) 14... Ba5 15. Bb4 Bxb4 16. cxb4 Qf6 17. Re3
Rfe8 18. a4 a6 $11 {1-0 Miklos,R-Lossnitzer,A/Hassloch 1997/EXT 2001 (59)})
13... Bg6 14. Qd1 b6 15. cxb6 axb6 $15 {0-1 Salzmann,J-Meijers,V/Porz 1992/TD 
(33)}) 13. Qd3 f5 14. Re1 h6 15. h3 Bxf3 16. Qxf3 Qf6 17. Bf4 Bxf4 18. Qxf4 b6
19. cxb6 axb6 20. Bb3 g5 21. Qf3 b5 $14 {1/2-1/2 Zembaty,M-Szczygiel,A/Bytom
1995/EXT 97 (34)}) (12. Bg5 Qxg5 13. Nxg5 Bxd1 14. Rfxd1 (14. Bxh7+ Kh8 15.
Rfxd1 Bd8 $17 {1-0 Svatos,J-Petr,J/CZE 2001/EXT 2003 (29)}) 14... h6 15. Nf3
Nd7 16. Rdb1 (16. c4 Nf6 17. Nd2 dxc4 18. Nxc4 Rfd8 19. Rab1 Rab8 20. Be2 Nd5
$11 {1-0 Ivkina,O-Sukharev,V/Orsk 2001/EXT 2002 (56)}) 16... b6 17. Bf5 Rfd8
18. Bxd7 Rxd7 19. cxb6 axb6 $15 {0-1 Kodric,M-Pavasovic,D/Ljubljana 1993/EXT
97 (51)}) (12. h3 Bh5 13. Bf5 (13. Re1 Nd7 (13... Bg6 14. Ne5 Bxd3 15. Qxd3
Bxe5 16. dxe5 Na6 17. Be3 Qe7 18. Rab1 Qxe5 19. Bd4 Qc7 20. Qg3 Qxg3 21. fxg3
b6 22. cxb6 axb6 23. Bxb6 Rfe8 $14 {1/2-1/2 Petrovic,Z-Milunovic,T/Kladovo
1994/EXT 2000 (38)}) 14. Be2 Nf6 15. Bg5 h6 16. Bxf6 Qxf6 17. Ne5 Bxe2 18. Qxe2
Rfe8 $15 {1/2-1/2 Gupta,R-Radha,S/Calcutta 1994/EXT 97 (25)}) (13. g4 Bg6 14.
Bg5 f6 15. Be3 Bxd3 16. Qxd3 Nd7 17. Rab1 b6 18. Qf5 Re8 19. Rfe1 g6 20. Qd3
Nf8 $15 {0-1 Ciochina,C-Ilyes,I/Tusnad 2000/EXT 2001 (57)}) 13... Qf6 14. g4 h6
15. Qd3 Bg6 16. Kg2 Bxf5 17. Qxf5 Qxf5 18. gxf5 Nd7 19. Be3 Rfe8 20. Nd2 b5 21.
a4 {1/2-1/2 Cabello Aguilar,E-Perez Diaz,M/Asturias 2001/EXT 2003 (21)}) 12...
Nd7 13. Bg5 f6 (13... Qxg5 14. Nxg5 Bxd1 15. Raxd1 (15. Bxh7+ Kh8 16. Raxd1 Bf4
17. Bf5 Bxg5 18. Bxd7 Rfd8 19. Bg4 b6 $14) 15... Nf6 16. Re7 Ba5 17. Rxb7 Bxc3
18. Nf3 $1 $16 {[%csl Rc6][%cal Gf3e5]}) 14. Bh4 Rf7 (14... b6 $5 15. h3 (15.
Qc2 h6 16. Qa4 b5 17. Qa6 Qc8 $11) 15... Bh5 16. Qc2 h6 17. cxb6 axb6 18. Ne5
$1 $36) 15. Qc2 g5 (15... Nf8 16. Ne5 Bxe5 17. dxe5 $40) (15... g6 16. Nd2 Re7
17. c4 Be6 18. Rab1 Rb8 19. Qa4 $36) 16. Bg3 Bxg3 (16... Bxf3 17. gxf3 b6 18.
Bf5 Rg7 19. Qa4 $16) 17. hxg3 b6 $2 (17... Bxf3 $142 18. gxf3 b6 19. cxb6 axb6
20. Re6 $16) (17... Nf8 18. Nh2 Bh5 19. g4 Bg6 20. Nf1 $16 {[%csl Rf5][%cal
Gf1g3,Gg3f5]}) 18. Nh2 Bh5 19. g4 $18 Bg6 20. Bxg6 hxg6 21. Qxg6+ Rg7 22. Qf5
Nf8 23. Nf1 bxc5 24. dxc5 Rf7 25. Ng3 Qa5 26. c4 $1 dxc4 (26... Qxc5 27. Ne4 $1
$18) 27. Ne4 Re8 28. Re3 Kg7 29. Rf1 $1 {/\30.Nd6+-} Re5 30. Qf3 Ng6 (30... Nd7
31. Nd6 Rxe3 32. Qxe3 $18) 31. Nd6 Rxe3 (31... Rf8 32. Qxc6 Rxe3 33. fxe3 Ne5
34. Qb7+ Kg8 35. Nf5 Nf7 36. c6 Qc5 37. c7 $18) 32. Qxe3 Rf8 (32... Rd7 33. Qe6
Qd8 34. Qxc4 $18) 33. Nf5+ Kf7 34. Nh6+ Kg7 35. Nf5+ Kf7 (35... Kg8 36. Qe6+
Kh8 37. Qd7 Rg8 38. Qd6 $1 Rf8 39. Qh2+ Nh4 40. g3 $18) 36. Rd1 Qc7 (36... Rd8
37. Re1 $1 Kf8 (37... Ne5 38. Nd6+ Kg7 39. Nb7 $18) 38. Qe6 Qc3 39. Nd6 $18)
37. Nd6+ Kg7 $2 (37... Kg8 38. Qe6+ Kh8 39. Nxc4 $18) 38. Ne8+ Rxe8 39. Qxe8
Qf4 40. Rd7+ Kh6 (40... Kh6 41. Qg8 Qc1+ 42. Kh2 Qf4+ 43. Kh3 $18) 1-0

[Event "Dos Hermanas-A"]
[Site "Dos Hermanas"]
[Date "2005.04.02"]
[Round "2"]
[White "Dominguez Perez, Leinier"]
[Black "Korneev, Oleg"]
[Result "1/2-1/2"]
[WhiteElo "2658"]
[BlackElo "2611"]
[Annotator "Huzman,A"]
[PlyCount "65"]
[EventDate "2005.04.01"]
[EventType "tourn"]
[EventRounds "9"]
[EventCountry "ESP"]
[EventCategory "16"]
[SourceTitle "CBM 107"]
[Source "ChessBase"]
[SourceDate "2005.08.01"]
[SourceVersion "1"]
[SourceVersionDate "2005.08.01"]
[SourceQuality "1"]

1. e4 e5 2. Nf3 Nf6 3. Nxe5 d6 4. Nf3 Nxe4 5. d4 d5 6. Bd3 Nc6 7. O-O Be7 8. c4
Nb4 9. Be2 O-O 10. a3 Nc6 11. Qc2 Nf6 (11... Bg4 12. Be3 Re8 13. h3 Be6 14. Bd3
f5 15. c5 Bf6 16. Nc3 Qd7 $11 {0-1 Comet P100-Hiarcs5 P100/Testspiel 1997 (78)}
) (11... Bf6 12. Nc3 (12. Be3 Bf5 13. Bd3 Bg6 14. b4 Re8 15. c5 a6 16. Nc3 Nxc3
17. Qxc3 Be4 $5 18. Nd2 Qd7 19. Rfd1 Bxg2 $1 20. Kxg2 Nxd4 21. Bxd4 $11 {
0-1 Adams,M-Lalic,B/Kilkenny 77/303 1999/[Lalic,B] (38)}) (12. cxd5 Qxd5 13.
Nc3 Nxc3 14. bxc3 Bf5 15. Qb2 Rfe8 16. Qxb7 Rab8 17. Qa6 Rb6 18. Qc4 Qxc4 19.
Bxc4 Na5 20. Bd5 c6 21. Ba2 Nb3 $44 {0-1 Kunzmann,H-Dziedzina,M/IECG 2001/
Telechess CBM 105 (60)}) 12... Nxc3 13. bxc3 Be6 14. Bd3 h6 15. cxd5 Bxd5 16.
Rb1 Re8 17. Bf4 Na5 18. Rfd1 Nc4 19. Rb4 b5 20. Rxb5 $1 Bxf3 21. Bxc4 Bxd1 22.
Qxd1 $44 {1/2-1/2 Short,N-Gelfand,B/Izmir 2004/CBM 104/[Huzman] (44)}) 12. c5 (
12. cxd5 Nxd5 13. h3 Bf6 14. Rd1 Re8 15. Nc3 Be6 16. Bd3 h6 17. Rb1 Kh8 $6 18.
Be4 Nce7 19. Ne5 Rc8 20. Qe2 $14 {1-0 Short,N-Sokolov,I/Bugojno 1999/CBM 74/
[Blatny,P] (44)}) 12... Bg4 13. Be3 Ne4 {[%csl Rd4][%cal Ye7f6,Yf6d4,Yc6d4]}
14. Nc3 (14. Nbd2 Nxd2 15. Qxd2 Bf6 16. b4 Ne7 $11) 14... Nxc3 15. bxc3 (15.
Qxc3 Bf6 16. b4 Ne7 $11) 15... Na5 (15... b6 16. Bb5 Bxf3 17. Bxc6 Be4 18. Qe2
Rb8 19. c4 $16) 16. Bd3 $5 (16. h3 Bh5 17. Rfe1 b6 $11) 16... Bxf3 17. gxf3 g6
18. Kh1 Kh8 (18... b6 19. Rg1 Qd7 20. Bh6 Rfe8 21. Bxg6 hxg6 22. Rxg6+ Kh8 23.
Rag1 $1 $18) 19. Rg1 b6 20. Rg3 Nc4 21. h4 $5 (21. Bxc4 dxc4 22. Qe4 f5 23. Qf4
Bf6 24. Rag1 Rf7 25. Rh3 Rg7 $15) 21... bxc5 22. h5 Bd6 (22... Nxe3 23. fxe3 c4
24. hxg6 $1 fxg6 25. Bxg6 $16) 23. Bg5 (23. Rh3 Qd7 24. Kg2 Nxe3+ 25. fxe3 c4
$17) 23... f6 24. Bh6 Bxg3 (24... Rg8 25. hxg6 Bxg3 26. g7+ (26. gxh7 Re8 27.
fxg3 cxd4 28. cxd4 Rb8 $17) 26... Rxg7 27. Bxg7+ Kxg7 28. fxg3 $14) 25. hxg6
hxg6 26. fxg3 f5 $1 (26... Rf7 27. Bxg6 Re7 28. Qf5 $1 Kg8 (28... Qd6 29. Qh5
Kg8 30. Bf7+ $1 $18) 29. Qg4 $40) 27. Bxf8 Qxf8 28. Bxc4 dxc4 29. Qe2 $2 (29.
Kg2 Qe7 30. Qd2 Re8 $11) 29... Re8 30. Qd2 cxd4 $6 (30... Qd6 31. Kg2 Kg8 $15)
31. Qxd4+ Kh7 32. Qxa7 (32. Qxc4 Qe7 $11) 32... Qd6 33. Qd4 (33. Qd4 Qxg3 (
33... Qxd4 34. cxd4 Rd8 35. a4 Rxd4 36. Rc1 c3 37. Rxc3 Rxa4 38. Rxc7+ $11) 34.
Qd7+ Kh6 35. Qxe8 Qh3+ 36. Kg1 Qg3+ $11) 1/2-1/2

[Event "Dos Hermanas-A"]
[Site "Dos Hermanas"]
[Date "2005.04.04"]
[Round "4"]
[White "Karjakin, Sergey"]
[Black "Rustemov, Alexander"]
[Result "1/2-1/2"]
[WhiteElo "2635"]
[BlackElo "2573"]
[Annotator "Huzman,A"]
[PlyCount "54"]
[EventDate "2005.04.01"]
[EventType "tourn"]
[EventRounds "9"]
[EventCountry "ESP"]
[EventCategory "16"]
[SourceTitle "CBM 107"]
[Source "ChessBase"]
[SourceDate "2005.08.01"]
[SourceVersion "1"]
[SourceVersionDate "2005.08.01"]
[SourceQuality "1"]

1. e4 e5 2. Nf3 Nf6 3. Nxe5 d6 4. Nf3 Nxe4 5. d4 d5 6. Bd3 Nc6 7. O-O Be7 8. c4
Nb4 9. Be2 O-O 10. Nc3 Bf5 11. a3 Nxc3 12. bxc3 Nc6 13. Re1 dxc4 14. Bxc4 Bd6
15. Ng5 Qd7 16. Ra2 (16. Qf3 Rae8 17. Bf4 (17. Rxe8 Rxe8 18. Bd2 Nd8 19. Bd3
Bxd3 (19... Bg4 $5 20. Bxh7+ Kh8 21. Qd3 g6 22. d5 Kg7 23. Ne4 f5 24. Nxd6 Qxd6
25. Bxg6 Qxg6 26. f3 Bh3 {0-1 Tokmachev,M-Milde,L/IECG 2003/Telechess CBM 105 
(26)}) 20. Qxd3 f5 21. c4 Be7 $1 22. Nf3 Bf6 23. Rb1 b6 24. c5 Qd5 $11 {
1/2-1/2 Topalov,V-Adams,M/New Delhi (m/2) 80/333 2000/[Adams,M] (41)}) 17...
Rxe1+ (17... Bxf4 18. Qxf4 Bg6 19. Rxe8 Rxe8 20. f3 h6 21. Ne4 Nxd4 22. Rd1 Qf5
23. Qxc7 Rc8 24. Qxb7 Rxc4 25. cxd4 $16 {1-0 Smirnov,P-Kopiylov,A/RUS-sf
Novosibirsk 2002/Inf 01 (42)}) 18. Rxe1 Bxa3 19. Ra1 Bd6 20. d5 Ne5 21. Bxe5
Bxe5 22. Rxa7 h6 $15 {0-1 Kuznetsov,V-Aleshin,O/Samara 2004/EXT 2005 (30)}) (
16. Ne4 Rae8 17. Nxd6 cxd6 18. Be3 d5 19. Ba2 Na5 20. Qf3 $11 {1/2-1/2 Zufic,
M-Jovanic,O/Porec op 2002 (29)}) 16... Na5 (16... Bg6 17. Rae2 Rae8 18. Ne4
Rxe4 19. Rxe4 Bxe4 20. Rxe4 $14 {1/2-1/2 Chandler,M-Adams,M/Southend 2001/CBM
083/[Huzman] (53)}) 17. Bd3 Rae8 (17... c5 $5 18. Rae2 (18. Bxf5 Qxf5 19. Ne4
Rad8 20. Rae2 Nc4 21. Qb3 Qd5 22. Nxc5 Bxc5 23. dxc5 Qxc5 $11) (18. Ne4 cxd4
19. cxd4 Be7 $132) 18... cxd4 19. Qc2 $1 g6 (19... Bxd3 20. Qxd3 f5 21. cxd4
$16 {[%csl Re6]}) 20. cxd4 Rac8 21. Bxf5 Qxf5 22. Qxf5 gxf5 $132 {[%cal Ya5c4]}
23. Nf3 $14) 18. Rae2 Rxe2 19. Qxe2 b6 20. c4 (20. Qf3 $1 Bxd3 (20... g6 21.
Bxf5 Qxf5 22. Qxf5 gxf5 23. Nf3 $14) (20... Bg6 21. Bxg6 fxg6 (21... hxg6 22.
Qe4 $16 {[%cal Ge4h4]}) 22. Qd5+ Kh8 23. Qe4 $16) 21. Qxd3 f5 (21... g6 22. Ne4
Be7 23. Bh6 $36) 22. Ne6 Rf7 23. d5 $36) 20... Nc6 21. Bb2 Be7 (21... Ne7 $5 {
[%cal Ye7g6]} 22. Bxf5 Qxf5 23. Ne4 Ng6 24. g3 $14) 22. Bxf5 Qxf5 23. Ne4 Bd6
24. Bc3 (24. d5 Na5) 24... f6 25. Qc2 (25. Nxd6 cxd6 26. Qe6+ Qxe6 27. Rxe6 Rd8
28. f4 Kf7 29. d5 Ne7 30. Bb4 b5 31. cxb5 Nxd5 32. Rxd6 Rxd6 33. Bxd6 Nc3 34.
Bc5 Nxb5 35. f5 $14) 25... Qd7 26. Qb3 Rf7 27. d5 Nd8 {[%cal Yd8b7,Yb7c5]}
1/2-1/2

[Event "Astana"]
[Site "Astana"]
[Date "2001.05.28"]
[Round "7"]
[White "Morozevich, Alexander"]
[Black "Shirov, Alexei"]
[Result "1-0"]
[WhiteElo "2749"]
[BlackElo "2722"]
[Annotator "Huzman,A"]
[PlyCount "130"]
[EventDate "2001.05.20"]
[EventType "tourn"]
[EventRounds "10"]
[EventCountry "KAZ"]
[EventCategory "20"]
[SourceTitle "CBM 084"]
[Source "ChessBase"]
[SourceDate "2001.09.13"]
[SourceVersion "1"]
[SourceVersionDate "2001.09.13"]
[SourceQuality "1"]

1. e4 {Hecht} e5 2. Nf3 Nf6 3. Nxe5 d6 4. Nf3 Nxe4 5. Bd3 d5 6. Qe2 Qe7 7. O-O
Nd6 8. Qd1 g6 9. Re1 Be6 10. Bf1 ({Another possibility for White is} 10. Nc3
$146 c6 11. Bf1 Bg7 12. d4 O-O 13. Bf4 (13. Bg5 $5 f6 14. Bf4 $14) 13... Nd7
14. Qc1 (14. Ng5 Nf5 15. Ne2 h6 16. Nxe6 fxe6 {[%cal Ye6e5]}) 14... Rae8 15. h3
Nb6 16. b3 Qd8 17. a4 Nbc8 18. a5 a6 {[%cal Ye6f5,Yf5e4]} 19. Bg5 f6 20. Bd2
Bf5 21. Na4 Rxe1 22. Nxe1 Ne4 23. Bb4 Re8 24. Nd3 Ncd6 25. c3 h5 26. Ra2 Ng5 {
1/2-1/2 Moreno Carnero,J-Greenfeld,A/Ohrid 2001/ (26)}) 10... Bg7 11. d4 O-O
12. Bf4 Nc6 (12... Nd7 $5) 13. c3 Qd7 14. Nbd2 Rfe8 15. h3 f6 16. Qa4 $5 Bf7
17. Rxe8+ Rxe8 18. b4 $1 $36 {<<} a6 19. Nb3 Ne4 20. Nc5 Qf5 (20... Nxc3 21.
Qc2 Qf5 22. Qxc3 Qxf4 23. Nxb7 Nb8 24. Nc5 $16) 21. Be3 (21. Nxb7 $5 Nxd4 (
21... Qxf4 22. Qxc6) 22. cxd4 Qxf4 23. Re1 Bf8 24. Re3 $36 {[%csl Ra6,Rc7]})
21... Nd8 (21... Nxc3 22. Qb3 Ne4 23. Nxb7 $16) 22. Qc2 Qc8 23. a4 Nd6 (23...
Nxc5 24. bxc5 (24. dxc5 Nc6 25. b5 Ne5 26. Nd4 {[%cal Gc5c6]} Nc4 27. Bxc4 dxc4
28. c6 Bd5) 24... b6 25. cxb6 cxb6 26. Rb1 Re6 27. Qd3 $36) 24. Bf4 Nc4 25. a5
Ne6 26. Bg3 Nxc5 27. bxc5 Bh6 28. Bd3 Re7 29. Nh2 Qe8 30. Ng4 Bg7 31. Bh4 Re1+
(31... Qc6 $5) (31... Re6) 32. Rxe1 Qxe1+ 33. Kh2 f5 34. Nf6+ Kh8 35. Bxc4 dxc4
36. c6 $1 bxc6 37. Qb2 Bf8 (37... Qe7 38. Qb8+ Qf8 39. Qxc7 Be6 40. Nd7 Qf7 (
40... Bxd7 41. Qxd7 Qb8+ 42. Bg3 f4 43. Bh4 $16) 41. Qd8+ Qg8 42. Nc5 Qxd8 43.
Bxd8 Bc8) 38. Bg3 Bd6 39. Bxd6 cxd6 40. Qb8+ Kg7 41. Qxd6 Qxf2 {Hecht: '[#]
Starker Springer gegen schlechten Läufer bei vielen Bauernschwächen bei der
Läuferpartei führen zu einem gewonnenen Leichtfigurenendspiel.'} (41... Qe6 42.
Qxe6 Bxe6 43. Ne8+ Kf7 44. Nd6+ Ke7 45. Nb7 g5 46. Nc5 Bc8 47. Kg3 $16) (41...
Qxc3 42. Nd7 Kh6 43. f4 $18 {[%csl Rh6][%cal Gd6f8]}) 42. Nd7 Kh6 (42... g5 {
Hecht} 43. Qf6+ Kg8 44. Qxg5+ Bg6 45. Qh6 Kf7 46. Qf8+ Ke6 47. Nc5+ Kd5 48.
Qd8#) 43. Qg3 $1 (43. Qf8+ {Hecht} Kg5 44. Qxf7 Qf4+ $11) 43... Qd2 44. h4 Be6
(44... Bd5 $5 {Hecht} 45. Qg5+ (45. Nc5 {Hecht} f4 46. Qg5+ Kg7 47. Qe7+ $11)
45... Qxg5 46. hxg5+ Kxg5 47. Nc5 Kf6 (47... Kf4 $6 {Hecht} 48. Nxa6 c5 49.
Nxc5 Ke3 50. a6 Kd2 51. Na4 Bc6 52. Nb6 Kxc3 53. d5 $18) 48. Nxa6 c5 49. Nxc5
Ke7 $14) 45. Nb8 Bc8 (45... Bd5 {Hecht} 46. Qg5+ Qxg5 47. hxg5+ Kxg5 48. Nxa6
$18) 46. Nxc6 $16 Bb7 47. Ne5 Bd5 48. Nd7 $1 {[%csl Ra6][%cal Gd7c5,Gc5a6]} Be4
49. Nc5 Kg7 (49... Bd3 50. Ne6 Be4 51. d5 $1 Bxd5 52. Qg5+ Qxg5 53. hxg5+ Kh5
54. Nf4+ $18) 50. Ne6+ Kh6 (50... Kf7 51. Ng5+ Ke8 52. Qe5+ Kd7 53. Nxe4 fxe4
54. Qd5+ $1 $18) 51. Qg5+ $1 {'+-' Hecht.} Qxg5 52. hxg5+ Kh5 53. Kg3 h6 (53...
Bc6 54. Kf4 Bxg2 55. Nc5 h6 56. gxh6 Kxh6 57. Nxa6 $18) 54. gxh6 Kxh6 55. Nc5
Kg5 56. Nxa6 f4+ 57. Kf2 Kf6 58. Nc5 Bc6 59. a6 Ke7 60. Nb7 Bd5 61. Na5 Kd6 62.
a7 Kc7 63. Nxc4 g5 64. Ne5 Kb6 65. c4 Bf7 (65... Bb7 66. d5 Kxa7 67. d6 Kb8 68.
c5 Bd5 69. c6 $18) 1-0